Fully recursive probability models and multivariate log-linear probability models for the analysis of qualitative data (Registro nro. 26171)

Detalles MARC
000 -LEADER
fixed length control field 00404 a2200109 4500
001 - CONTROL NUMBER
control field ART_12187
005 - DATE AND TIME OF LATEST TRANSACTION
control field 20260410161904.0
008 - FIXED-LENGTH DATA ELEMENTS--GENERAL INFORMATION
fixed length control field 260409a
100 1# - MAIN ENTRY--PERSONAL NAME
Personal name Lee, Lung-Fei
245 10 - TITLE STATEMENT
Title Fully recursive probability models and multivariate log-linear probability models for the analysis of qualitative data
773 0# - HOST ITEM ENTRY
Title Journal of econometrics
Related parts - Vol. 16, Nº 1 (may. 1981)
Record control number REV11720

No hay ítems disponibles.